Manual ingenieros azucareros

Bibliographic Details
Main Author: Hugot, E.
Format: Section = Libro
Language:Undetermined
Spanish
Published: México Continental 1963
Subjects:
LEADER 00495nam a2200193Ia 4500
008 240829s9999 xx 000 0 und d
040 |a BIBLIOTECA-RUPAP Ref 632.6 H895 
041 |a spa 
082 |a Ref 632.6 H895 
100 1 |a Hugot, E. 
245 1 0 |a Manual ingenieros azucareros 
260 |a México  |b Continental  |c 1963 
300 |a 803 p. :il. 
650 7 |a INDUSTRIA AZUCARERA 
650 7 |b  MAQUINA AZUCARERA 
650 7 |c  FABRICA I. Tít. 
942 |c BK  |2 ddc 
991 |a TEXTO 
999 |c 10343